Responses for Show #6796 - Monday, March 17, 2014

Contestants

[<< previous game]

Gordon Graham, a recent anthropology graduate from Victoria, British Columbia, Canada

Jen Cosgrove, a billing manager from West Hartford, Connecticut

Thad McCollum, a door person from Orlando, Florida (whose 1-day cash winnings total $2,400)

[next game >>]

Jeopardy! Round responses

NEW MUSICAL SUPERGROUPS
(Alex: We've formed them. You have to identify the two bands we combined.)
BIOGRAPHY SUBJECTS
MISCELLANEOUS
EAR, NOSE OR THROAT
AIRPORT CODES
THE TWO-THOUSAND YEAR OLD MAN
(Carl Reiner: Clues with a... 2,000-year-old man.) (Mel Brooks: That's me.)
    $200 2
Foo Fighters & Lynyrd Skynyrd

Thad
    $200 4
(Edgar Allan) Poe

Gordon
    $200 14
Eve

Thad
    $200 9
ear

Jen
    $200 1
(Gordon: What is DAN?)

DAD

Gordon
Triple Stumper
    $200 22
Catherine (the Great)

Gordon
    $400 3
The Grateful Dead & No Doubt

Gordon
    $400 5
Bill Gates

Jen
    $400 18
the Marquis de Lafayette

Thad
    $400 10
throat

Jen
    $400 30
LOL

Thad
    $400 23
Marco Polo

Gordon
    $600 15
Pink Floyd & Black Sabbath

Thad
    $1,000 6
Sarah Palin

Jen
    $600 19
Sean Connery

Jen
    $600 11
nose

Gordon
    $600 29
Yosemite

Thad
    $600 26
(Alex: And our thanks, of course, to Carl Reiner and Mel Brooks for helping us out on the program.)

14

Thad
    $800 16
(Jen: What is 98 Degrees and First Edition?)

98 Degrees & New Edition

ThadJen
    $800 7
(Charles) de Gaulle

Jen
    $800 20
(Gordon: What is Whitney National Park?)
(Thad: Uh, what is Mount McKinley National Park?)

Denali

ThadJenGordon
    $800 12
Throat

Thad
    $800 28
Sioux City

Gordon
    $800 25
Chaucer

Jen
    $1000 17
Led Zeppelin & The Village People

Thad
    $1000 8
Susan B. Anthony

Triple Stumper
    $1000 21
giant squids

Thad
    $1000 13
ear

Jen
    $1000 27
an IOU

Gordon
    $1000 24
"Scourge of God"

Thad

Scores at the first commercial break (after clue 15):

Thad Jen Gordon
$1,800 $3,800 $1,000

Scores at the end of the Jeopardy! Round:

Thad Jen Gordon
$6,800 $5,200 $2,600

Double Jeopardy! Round responses

LITERARY SEQUELS
I'LL BE YOUR TV WAITRESS
WE "BEG" TO DIFFER
LET'S PLAY BRIDGE
A BIRD IN THE HAND
2 IN THE BUSH
    $400 13
Lestat

Thad
    $400 19
[Alex knocks three times before each "Penny".]

The Big Bang Theory

Jen
    $400 1
begat

Gordon
    $400 6
spades

Gordon
    $400 24
a duckling

Jen
    $400 7
the '40s & the '60s

Gordon
    $800 14
(Thad: Who is Grisham?)

Scott Turow

ThadJen
    $800 20
Carla

Jen
    $800 2
beginner's luck

Jen
    $5,400 12
the dummy

Gordon
    $800 25
(Alex: Yes, my dear.)

a chickadee

Jen
    $800 8
Al Gore & John Kerry

Thad
    $1200 15
Beatrix Potter

Thad
    $1200 21
Two Broke Girls

Jen
    $1200 3
a beggar

Thad
    $1200 18
auction bridge

Thad
    $1200 26
(Yhad: What is molting?)

banding

ThadJen
    $1200 9
Walker

Thad
    $1600 16
The Shining

Gordon
    $1600 22
True Blood

Thad
    $1600 4
beguile

Jen
    $1600 29
a singleton

Triple Stumper
    $2,000 27
keratin

Jen
    $1600 10
Florida & Texas

Gordon
    $2000 17
(Thad: What is Gilgamesh, or The Epic of Gilgamesh?)
(Gordon: What is The Rime of the Ancient Mariner?)

The Odyssey

ThadGordon
Triple Stumper
    $2000 23
Roseanne

Thad
    $2000 5
the beguine

Thad
    $2000 30
finesse

Gordon
    $2000 28
(Thad: Uh, what is a lovebird?)

a parakeet

ThadGordon
    $2000 11
Neil or Marvin

Triple Stumper

Scores at the end of the Double Jeopardy! Round:

Thad Jen Gordon
$12,400 $15,200 $14,400

[wagering suggestions for these scores]

Final Jeopardy! Round responses

BODIES OF WATER
ThadWhat is the Bay of Bengal?
$12,000
GordonWhat is the bay of Bengal?
$14,400
JenWhat is the Bay of Bengal?
$10,000
the Bay of Bengal

Final scores:

Thad Jen Gordon
$24,400 $25,200 $28,800
3rd place: $1,000 2nd place: $2,000 New champion: $28,800

Game dynamics:

Coryat scores:

Thad Jen Gordon
$12,400 $14,400 $9,800
21 R,
5 W
19 R
(including 2 DDs),
1 W
15 R
(including 1 DD),
3 W

Combined Coryat: $36,600

[game clues] [game scores] [suggest correction]

Game tape date: 2013-12-03
The J! Archive is created by fans, for fans. Scraping, republication, monetization, and malicious use prohibited; this site may use cookies and collect identifying information. See terms. The Jeopardy! game show and all elements thereof, including but not limited to copyright and trademark thereto, are the property of Jeopardy Productions, Inc. and are protected under law. This website is not affiliated with, sponsored by, or operated by Jeopardy Productions, Inc. Join the discussion at JBoard.tv.